[Event "Nairobi Afzali Memorial"]
[Site "Nairobi"]
[Date "2024.05.05"]
[Round "4"]
[White "Kagambi, Samuel"]
[Black "Oluka, Robert Mcligeyo"]
[Result "0-1"]
[WhiteElo "1628"]
[BlackElo "2066"]
[PlyCount "76"]
[EventDate "2024.05.04"]
[EventType "swiss"]
[EventRounds "4"]
[EventCountry "KEN"]
[SourceTitle "CB20_2024"]
[SourceDate "2024.05.16"]
[SourceVersion "1"]
[SourceVersionDate "2024.05.16"]
[SourceQuality "1"]

1. Nf3 Nf6 2. d4 e6 3. g3 d5 4. c4 Bb4+ 5. Bd2 Be7 6. Bg2 0-0 7. Nc3 c6 8. cxd5 exd5 9. 0-0 Bf5 10. Rc1 Nbd7 11. Qb3 Qb6 12. Qxb6 axb6 13. a3 b5 14. Nd1 Ne4 15. Ne3 Bg6 16. Be1 Rfe8 17. h4 Bd6 18. Bh3 Nb6 19. g4 h5 20. g5 Bf4 21. Nd2 Nxf2 22. Bxf2 Bxe3 23. Bxe3 Rxe3 24. Bg2 Rxe2 25. Rf2 Rae8 26. Bf3 Re1+ 27. Rf1 Rxc1 28. Rxc1 Nc4 29. Nxc4 bxc4 30. Kf2 Kf8 31. Rc3 b5 32. b3 Ra8 33. b4 Ke7 34. Re3+ Kd6 35. Kg3 Bd3 36. Bxh5 g6 37. Be2 Bxe2 38. Rxe2 Rxa3+ 0-1

[Event "Nairobi Afzali Memorial"]
[Site "Nairobi"]
[Date "2024.05.04"]
[Round "1"]
[White "Oluka, Robert Mcligeyo"]
[Black "Ezekiel, Karani"]
[Result "0-1"]
[WhiteElo "2066"]
[BlackElo "1798"]
[PlyCount "116"]
[EventDate "2024.05.04"]
[EventType "swiss"]
[EventRounds "4"]
[EventCountry "KEN"]
[SourceTitle "CB20_2024"]
[SourceDate "2024.05.16"]
[SourceVersion "1"]
[SourceVersionDate "2024.05.16"]
[SourceQuality "1"]

1. e4 b6 2. d4 Bb7 3. Bd3 Nf6 4. Nc3 e6 5. Nf3 Bb4 6. Qe2 d5 7. exd5 Qxd5 8. 0-0 Bxc3 9. bxc3 Qh5 10. Bf4 Bxf3 11. Qxf3 Qxf3 12. gxf3 Kd7 13. Bb5+ c6 14. Bd3 Nd5 15. Bd2 Kd8 16. c4 Ne7 17. a4 Nd7 18. a5 Kc7 19. Bf4+ Kb7 20. a6+ Kc8 21. Be4 f5 22. Bd3 Nf6 23. Rfe1 Kd7 24. Rad1 Nh5 25. Bg5 Rae8 26. d5 exd5 27. cxd5 Nxd5 28. Bxf5+ Kc7 29. c4 Ndf6 30. c5 Rxe1+ 31. Rxe1 Re8 32. Rd1 Re5 33. cxb6+ axb6 34. Ra1 Kb8 35. Bxf6 Nxf6 36. Bd3 Ka7 37. f4 Re7 38. Rc1 Rc7 39. Bb5 c5 40. Bc4 Ne4 41. Bd3 Nd6 42. Bxh7 Kxa6 43. Rd1 Nb7 44. f5 b5 45. f6 gxf6 46. Be4 c4 47. h4 b4 48. Rb1 Kb5 49. Kg2 Na5 50. Kf3 b3 51. h5 Kb4 52. Kf4 Kc3 53. Bg6 Kd2 54. h6 c3 55. h7 Rc8 56. Bf7 Rh8 57. Bg8 c2 58. Rg1 b2 0-1

[Event "World-chT Rapid"]
[Site "Dusseldorf"]
[Date "2023.08.28"]
[Round "11"]
[White "Bohatyrova, Mariia"]
[Black "Oluka, Robert Mcligeyo"]
[Result "0-1"]
[WhiteElo "1398"]
[BlackElo "1683"]
[PlyCount "101"]
[EventDate "2023.08.26"]
[EventType "team-swiss (rapid)"]
[EventRounds "12"]
[EventCountry "GER"]
[SourceTitle "CBM 215 Extra"]
[Source "ChessBase"]
[SourceDate "2023.09.30"]
[SourceVersion "1"]
[SourceVersionDate "2023.09.30"]
[SourceQuality "1"]
[WhiteTeam "Deutsche Schachjugend II"]
[BlackTeam "Kenya Commercial Bank"]
[WhiteTeamCountry "GER"]
[BlackTeamCountry "KEN"]

1. Nf3 d5 2. d4 Nf6 3. c4 c6 4. Nc3 e6 5. Bg5 Nbd7 6. e3 Qa5 7. Bxf6 Nxf6 8. Nd2 Bb4 9. Qc2 0-0 10. Bd3 c5 11. 0-0 cxd4 12. exd4 dxc4 13. Nxc4 Qh5 14. Be2 Qh4 15. Rad1 Bd7 16. Ne5 Rac8 17. Rd2 Bc6 18. a3 Bxc3 19. bxc3 Be4 20. Bd3 Bxd3 21. Rxd3 Qe4 22. Qd2 Nd5 23. Re1 Qf4 24. Qxf4 Nxf4 25. Rf3 Nd5 26. Rc1 Nf6 27. Re1 Rfd8 28. h3 Rc7 29. Rc1 Rxd4 30. cxd4 Rxc1+ 31. Kh2 h6 32. Rb3 b6 33. g4 Rd1 34. Nc6 Ne4 35. Rf3 a6 36. Ne7+ Kf8 37. Nc8 b5 38. Nb6 Rxd4 39. Nc8 Nd2 40. Rc3 Rc4 41. Rxc4 Nxc4 42. Kg3 Nxa3 43. Nd6 Ke7 44. Ne4 a5 45. Nc3 b4 46. Na4 Kd6 47. Kf3 Kc6 48. Ke4 Nc4 49. Kd3 Kb5 50. Kd4 Kxa4 51. Kxc4 0-1